Workshop Technology part I / (Record no. 32228)
[ view plain ]
| 000 -LEADER | |
|---|---|
| fixed length control field | 00528nam a22002177a 4500 |
| 003 - CONTROL NUMBER IDENTIFIER | |
| control field | Nust |
| 005 - DATE AND TIME OF LATEST TRANSACTION | |
| control field | 20211228153836.0 |
| 008 - FIXED-LENGTH DATA ELEMENTS--GENERAL INFORMATION | |
| fixed length control field | 170123b xxu||||| |||| 00| 0 eng d |
| 020 ## - INTERNATIONAL STANDARD BOOK NUMBER | |
| International Standard Book Number | 8185617805 |
| 038 ## - RECORD CONTENT LICENSOR | |
| Staff Name | Khadija |
| 040 ## - CATALOGING SOURCE | |
| Transcribing agency | c |
| 082 ## - DEWEY DECIMAL CLASSIFICATION NUMBER | |
| Classification number | 670.4223 |
| Author Mark | CHA |
| 100 ## - MAIN ENTRY--PERSONAL NAME | |
| Personal name | Chapman, W.A.J. |
| 9 (RLIN) | 87090 |
| 245 ## - TITLE STATEMENT | |
| Title | Workshop Technology part I / |
| Statement of responsibility, etc. | W.A.J. Chapman |
| 250 ## - EDITION STATEMENT | |
| Edition statement | 5th ed. |
| 260 ## - PUBLICATION, DISTRIBUTION, ETC. | |
| Place of publication, distribution, etc. | New Delhi : |
| Name of publisher, distributor, etc. | Viva Books, |
| Date of publication, distribution, etc. | 2004. |
| 300 ## - PHYSICAL DESCRIPTION | |
| Extent | 412 p. ; |
| Dimensions | 21 cm. |
| 500 ## - GENERAL NOTE | |
| General note | paperback |
| 563 ## - BINDING INFORMATION | |
| Binding note | PB |
| 942 ## - ADDED ENTRY ELEMENTS (KOHA) | |
| Koha item type | Book |
| Source of classification or shelving scheme | |
| Withdrawn status | Lost status | Source of classification or shelving scheme | Damaged status | Not for loan | Permanent Location | Current Location | Shelving location | Date acquired | Total Checkouts | Full call number | Barcode | Date last seen | Date last checked out | Price effective from | Koha item type | Total Renewals | Checked out |
|---|---|---|---|---|---|---|---|---|---|---|---|---|---|---|---|---|---|
| School of Mechanical & Manufacturing Engineering (SMME) | School of Mechanical & Manufacturing Engineering (SMME) | Text Books | 11/19/2015 | 4 | 670.4223 CHA | SMME-1732 | 09/25/2023 | 09/15/2023 | 11/19/2015 | Book | |||||||
| School of Mechanical & Manufacturing Engineering (SMME) | School of Mechanical & Manufacturing Engineering (SMME) | 11/19/2015 | 4 | 670.4223 | SMME-1733 | 12/01/2023 | 09/15/2023 | 11/19/2015 | Book | 4 | |||||||
| School of Mechanical & Manufacturing Engineering (SMME) | School of Mechanical & Manufacturing Engineering (SMME) | Text Books | 11/19/2015 | 3 | 670.4223 CHA | SMME-1734 | 09/14/2022 | 09/14/2022 | 11/19/2015 | Book | 1 | 11/20/2022 | |||||
| School of Mechanical & Manufacturing Engineering (SMME) | School of Mechanical & Manufacturing Engineering (SMME) | 11/19/2015 | 2 | 670.4223 | SMME-1735 | 09/15/2023 | 09/15/2023 | 11/19/2015 | Book | 4 | 10/15/2023 |
